Eugene Fromentin /

Bibliographic Details
Main Author: Mickel, Emanuel J., 1937-
Format: Book
Language:English
Published: Boston : Twayne Publishers, 1981.
Series:Twayne's world authors series ; TWAS 640.
Twayne's world authors series. France.
Subjects:

MARC

Tag First Indicator Second Indicator Subfields
LEADER 00000cam a22000008a 4500
001 in00000072749
005 20151008054619.0
008 810416s1981 mau b 00110 eng
010 |a  81004170  
020 |a 0805764844 
035 |a (OCoLC)07464855 
035 |9 AAJ1169AM 
039 0 |a 2  |b 3  |c 3  |d 3  |e 3 
040 |a DLC  |c DLC  |d TXA  |d UtOrBLW 
049 |a TXAM  |c [800651] 
050 0 0 |a PQ2256.F5  |b Z77 
082 0 |a 843/.8  |2 19 
100 1 |a Mickel, Emanuel J.,  |d 1937- 
245 1 0 |a Eugene Fromentin /  |c by Emanuel J. Mickel, Jr. 
263 |a 8111 
264 1 |a Boston :  |b Twayne Publishers,  |c 1981. 
300 |a 166 pages ;  |c 21 cm. 
336 |a text  |b txt  |2 rdacontent 
337 |a unmediated  |b n  |2 rdamedia 
338 |a volume  |b nc  |2 rdacarrier 
490 1 |a Twayne's world authors series ;  |v TWAS 640.  |a France 
500 |a Includes index. 
504 |a Bibliography: p. 
600 1 0 |a Fromentin, Eugène,  |d 1820-1876  |x Criticism and interpretation. 
830 0 |a Twayne's world authors series ;  |v TWAS 640. 
830 0 |a Twayne's world authors series.  |p France. 
999 |a MARS 
999 f f |s ec355491-7b14-39b8-ae39-7d6eb5fc9941  |i a7f4b866-5ffb-358b-9fa1-def923ef456d  |t 0 
952 f f |p ric  |a Texas A&M University  |b Rellis Campus  |c Joint Library Facility  |d Remote Storage  |t 0  |e PQ2256.F5 Z77  |h Library of Congress classification  |i unmediated -- volume  |m A14806180627 
998 f f |a PQ2256.F5 Z77  |t 0  |l Remote Storage